| 000 | 00540nam a2200205Ia 4500 | ||
|---|---|---|---|
| 005 | 20250508162445.0 | ||
| 008 | 008 250505s9999 xx 000 0 eng d | ||
| 020 | _a0-02-365800-2 | ||
| 037 | _aTextual | ||
| 040 |
_aFEDL _beng _cFEDL |
||
| 041 |
_aeng _2eng |
||
| 084 |
_a294, KOL _qFEDL |
||
| 100 | _aKoller John M. | ||
| 245 | 0 | _aIndian way | |
| 260 |
_aNew York, USA _bMacmillan Publishing Co. _c1982 |
||
| 300 | _avii,406p | ||
| 490 | _aAsian perspectives | ||
| 942 |
_cTEXL _h294, KOL |
||
| 999 |
_c1376672 _d1376672 |
||